00349nam a2200121Ia 4500008004100000100002400041245008100065260003900146300000800185650001000193942000700203999001700210190216s9999||||xx |||||||||||||| ||und|| aDr.Thara Devi Singh 0aHindi-Hind Mahasagaryev Samlangan Rashtr Yek Muarthik Yev Mu Samrik Adhyayan bUthar Pradesh Hindi Samsthanc2009 a365 aHindi cBK c16888d16888